000 00918nam a2200253 a 4500
001 000016301
003 DO-SdBNP
005 20250409123255.0
008 100303s1977 dr a 000 0 spa d
040 _aDO-SdBNP
_bspa
_cBNPHU
082 _axxx
_bF438a
100 1 _aFiallo Billini, Alberto E.
_936391
245 1 0 _aAntropometría nutriologica del niño y el adolescente dominicano según el nivel socioeconómico /
_cAlberto E. Fiallo Billini.
260 _aSan Pedro de Macorís :
_bUniversidad Central del Este,
_c1977.
300 _a118 p. :
_bil. ;
_c24 cm.
490 1 _aUniversidad Central del Este
490 1 _aCientífica
_v6
500 _aIncluye notas al pie de las páginas
504 _aIncluye referencias bibliográficas (p. 115-118)
710 2 _aUniversidad Central del Este
_937229
830 0 _aUniversidad Central del Este
_923153
830 0 _aCientífica
_v6
_925797
942 _2ddc
_cLBS1
999 _c15836
_d15836